000 00603nam a22002057a 4500
005 20251108170729.0
008 250721s9999 xx 000 0 ara d
082 1 4 _aط/387.2
100 1 _aأشرف، وفاء
_eحقق
245 1 0 _aالسفن /
264 1 _aالقاهرة :
_bدار المصرية اللبنانية،
_c[19-].
300 _a16ص.
490 0 _aرحلة في عالم
_v1
650 1 7 _aالسفن
650 1 7 _aالنقل البحري
653 _aناشئون صغار (10-14 سنة)
700 1 _aالبطراوي، عادل
_eCart.
942 _2ddc
_cBK
999 _c47637
_d47637